Propuesta para plantear los objetivos educacionales en relación al desarrollo del pensamiento crítico /

Este diseño de objetivos tiende a colaborar en la planificación de Planes y Programas en los diferentes ciclos del aprendizaje de lenguas extranjeras con apoyo del computador, por medio del desarrollo del pensamiento crítico y creativo. El propósito de este estudio es desarrollar gradualmente los di...

Descripción completa

Detalles Bibliográficos
Autor principal: Cartes Enríquez, Ninette
Otros Autores: Larenas San Martín, M. Edith, Solas Rodríguez, M. Inés
Formato: Analitica de revista
Lenguaje:español

MARC

LEADER 00000cab a2200000 a 4500
001 026148
003 UAHC_CL
005 20180808121431.0
008 051214b xx j 000 1 spa
952 |0 0  |1 0  |2 ddc  |4 0  |6 BOL___INVEST__EDUC_19_04_000000000000000  |7 0  |8 COMP  |9 52935  |a BC  |b BC  |c General  |d 2017-08-03  |l 0  |o BOL. INVEST. EDUC.-19/04  |r 2018-01-17 00:00:00  |w 2017-08-03  |y REVA 
999 |c 26148  |d 26148 
040 |a UAHC_CL  |c UAHC_CL  |d UAHC_CL 
100 1 |a Cartes Enríquez, Ninette 
245 1 0 |a Propuesta para plantear los objetivos educacionales en relación al desarrollo del pensamiento crítico /  |c Ninette Cartes, Edith Larenas, Inés Solar. 
500 |a Boletín de Investigación Educacional (Santiago) 2004. vol.19, (2) p. 29-50 
520 |a Este diseño de objetivos tiende a colaborar en la planificación de Planes y Programas en los diferentes ciclos del aprendizaje de lenguas extranjeras con apoyo del computador, por medio del desarrollo del pensamiento crítico y creativo. El propósito de este estudio es desarrollar gradualmente los diferentes tipos de aprendizajes, la inteligencia, el pensamiento, razonamiento, ideas lógicas, valores y actitudes, procesamiento de la información y educación de la lectura, entre otros. Los logros de objetivos servirán también para proporcionar a las personas: padre, madre, ciudadano/a, profesional con una filosofía de vida que le permitirá enfrentar la vida en forma positiva. El marco teórico de este estudio se planteará mediante el enfoque cognitivo, complementado con los paradigmas: constructivista e interaccionista. 
700 1 |a Larenas San Martín, M. Edith 
700 1 |a Solas Rodríguez, M. Inés 
700 1 |a Larenas San Martín, M. Edith 
700 1 |a Solas Rodríguez, M. Inés 
773 0 |t Boletín de Investigación Educacional.  |w 025995 
900 |a BOL. INVEST. EDUC.-19/04 
942 |c REVA  |2 ddc